Australia States and Capitals - Statistics

General Stats
  • This quiz has been taken 476 times
  • The average score is 7 of 7
Answer Stats
Answer % Correct
New South Wales Sydney
98%
Western Australia Perth
96%
Victoria Melbourne
95%
Queensland Brisbane
93%
South Australia Adelaide
92%
Northern Territory Darwin
90%
Tasmania Hobart
90%
No matching quizzes found
Score Distribution
Percent of People with Each Score
Percentile by Number Answered
Your Score History
You have not taken this quiz